000 00614nam a2200181Ia 4500
008 151018s9999 xx 000 0 und d
082 _bRBASDV49871
_a891.434
100 _aसुमन शंभू
245 _aनशा मादकता से मौत तक
250 _b1
260 _bमित्तल बुक एजन्सी
_c2009
300 _a152
600 _aसुमन शंभू
630 _aनशा मादकता से मौत तक
700 _aसुमन शंभू
730 _aनशा मादकता से मौत तक
942 _cBOOK
999 _c1048868
_d1048865